Minecraft - płyty muzyczne (1.21) - Statystyki

Ogólne statystyki
  • Ten quiz został rozwiązany 176 razy
    74 od ostatniego zresetowania
  • Średni wynik to 8 z 19
Statystyki odpowiedzi
Lp Nazwa płyty % Poprawnych
11 11 (C418)
84%
1 13 (C418)
84%
2 cat (C418)
82%
16 pigstep (Lena Raine)
73%
17 5 (Samuel Åberg)
57%
15 otherside (Lena Raine)
53%
7 mellohi (C418)
43%
3 blocks (C418)
41%
6 mall (C418)
39%
12 wait (C418)
39%
13 creator (Lena Raine)
37%
4 chirp (C418)
35%
8 stal (C418)
35%
9 strad (C418)
31%
5 far (C418)
29%
18 Relic (Aaron Cherof)
27%
10 ward (C418)
27%
19 Precipice (Aaron Cherof)
18%
14 creator (pozytywka) / (musical box) (Lena Raine)
10%
Nie znaleziono quizów pasujących do podanych kryteriów
Rozkład punktacji
Procent ludzi z każdym wynikiem
Percentyl według liczby udzielonych odpowiedzi
Twoja historia wyników
Nie rozwiązałeś tego quizu od ostatniego zresetowania